National Dishes of Europe - Statistics

General Stats
  • This quiz has been taken 235 times
  • The average score is 21 of 45
Answer Stats
Picture Hint Answer % Correct
Irish Stew Ireland
98%
Paella Spain
96%
Ragu alla Bolognese Italy
95%
Gyro Greece
93%
Fish & Chips United Kingdom
93%
Goulash Hungary
90%
Cozido à Portuguesa Portugal
90%
Sauerbraten Germany
89%
Wiener Schnitzel Austria
86%
Fondue Switzerland
86%
Moules-Frites Belgium
84%
Pot-Au-Feu France
80%
Borscht Ukraine
74%
Fettuccine alla Papalina Vatican City
70%
Köttbullar Sweden
68%
Stegt Flæsk Denmark
63%
Fårikål Norway
60%
Torta Tre Monti San Marino
51%
Ćevapi Bosnia and Herzegovina
41%
Bigos Poland
41%
Pelmeni Russia
40%
Mămăligă Moldova
37%
Vepřo Knedlo Zelo Czech Republic
34%
Karelian Pasty Finland
34%
Hákarl Iceland
34%
Stamppot Netherlands
34%
Bryndzové Halušky Slovakia
29%
Escudella Andorra
25%
Pljeskavica Serbia
24%
Ajdovi Žganci Slovenia
24%
Judd mat Gaardebounen Luxembourg
22%
Käsknöpfle Liechtenstein
21%
Cepelinai Lithuania
21%
Pastizzi Malta
20%
Barbagiuan Monaco
20%
Zagorski Štrukli Croatia
19%
Tavë Kosi Albania
17%
Draniki Belarus
17%
Banitsa Bulgaria
17%
Tavë Prizreni Kosovo
16%
Verivorst & Mulgikapsad Estonia
14%
Tavče Gravče Macedonia
13%
Brav u Mlijeku Montenegro
12%
Grey Peas & Bacon Latvia
11%
Sarmale Romania
11%
No matching quizzes found
Score Distribution
Percent of People with Each Score
Percentile by Number Answered
Your Score History
You have not taken this quiz